|
|
|
|
| LEADER |
00000nab a2200000ua 4500 |
| 001 |
vtls010836242 |
| 003 |
SK-MaSNL |
| 005 |
20260303135431.0 |
| 008 |
230218s2012 xo |||||||||||||||||slo| |
| 035 |
|
|
|a (urnnbn)urn:nbn:sk:snk:ar-a06syb
|
| 035 |
|
|
|a urn:nbn:sk:snk-ab600j
|
| 035 |
|
|
|a (uuid)33cf2141-83eb-4b10-a3ef-9a7a20e7f91c
|
| 040 |
|
|
|a SNKBUCL
|b slo
|c SNKBUCL
|e AACR2
|
| 041 |
0 |
|
|a slo
|
| 044 |
|
|
|a xo
|c SK
|
| 100 |
1 |
|
|a Gášpárová, Eva
|4 aut
|9 84872
|
| 245 |
1 |
0 |
|a Základné účtovné súvzťažnosti - dopravná a prepravná činnosť
|c Eva Gášpárová
|
| 773 |
0 |
|
|t Dane a účtovníctvo v praxi : mesačník plný informácií z oblastí daní, práva a účtovníctva
|g Roč. 17, č. 11 (2012), s. 35-44
|
| 954 |
|
|
|a odborná, vedecká literatúra pôvodná (slovenská)
|2 lita
|
| 958 |
|
|
|a OND
|
| 958 |
|
|
|a EUIPO
|
| 958 |
|
|
|a article5
|
| 999 |
|
|
|c 1965813
|d 1967743
|